Entry Toplantı Adı
001 - KONTROL NUMARASI
- Kontrol alanı: 41177
003 - KONTROL NUMARASI KİMLİĞİ
- Kontrol alanı: TR-BiSEU
005 - SON İŞLEM TARİHİ VE ZAMANI
- Kontrol alanı: 20260207002150.0
008 - SABİT UZUNLUKTAKİ VERİ ÖGELERİ - GENEL BİLGİ
- Sabit uzunlukta kontrol alanı: 260207|| aca||aabn | a|a d
040 ## - KATALOGLAMA KAYNAĞI
- Özgün kataloglama kurumu: TR-BiSEU
- Çeviri kurumu: TR-BiSEU
111 ## - KONU BAŞLIKLARI - TOPLANTI ADI
- Toplantı adı: Medeniyetler ve Dunya Düzenleri Uluslararası Sempozyum(12-14 Mayıs 2008-İstanbul)
670 ## - BİLGİNİN KAYNAĞI
- Bilginin alındığı kaynak: KOHA: (TR-BiSEU)17680: Medeniyetler ve Dunya Düzenleri Uluslararası Sempozyum(12-14 Mayıs 2008-İstanbul), Medeniyetler ve Dünya Düzenleri Uluslararası Sempozyum Tebliğ Özetleri =
